000 00244nam a22001097a 4500
082 _a080/SHA
100 _aSharma,Robin
_982859
245 _aThe 5AM Club
260 _aMumbai
_JJaicoPublishing House
_c2024
650 _aMotivational
942 _cBK
999 _c67583
_d67583